Most common female names starting with C - Statistics

General Stats
  • This quiz has been taken 317 times
  • The average score is 38 of 100
Answer Stats
Hint Answer % Correct
72 Chris
84%
73 Christi
82%
4 Christina
78%
2 Carol
75%
14 Caroline
75%
5 Catherine
75%
9 Charlotte
75%
25 Clara
75%
3 Christine
74%
19 Cathy
69%
56 Charlie
68%
12 Cindy
67%
16 Claire
66%
15 Carrie
64%
47 Cassie
64%
1 Cynthia
64%
64 Candy
63%
11 Chloe
63%
33 Cora
62%
43 Cara
61%
21 Carla
61%
41 Callie
60%
17 Cassandra
58%
46 Carolina
57%
38 Camille
56%
67 Camilla
55%
97 Cari
53%
98 Cori
52%
6 Carolyn
51%
57 Cameron
50%
13 Connie
50%
23 Carmen
49%
8 Crystal
48%
24 Camila
47%
36 Carly
47%
70 Cali
46%
30 Cecilia
46%
28 Christy
46%
69 Clare
45%
26 Claudia
45%
39 Cassidy
44%
84 Celine
42%
48 Clarissa
42%
10 Courtney
42%
31 Candace
41%
32 Casey
41%
58 Celia
41%
18 Chelsea
40%
7 Cheryl
40%
20 Colleen
37%
37 Candice
35%
89 Celina
35%
80 Carina
34%
27 Charlene
34%
52 Cheri
33%
54 Christa
33%
22 Caitlin
32%
53 Charity
32%
45 Christie
32%
29 Constance
32%
44 Cristina
32%
50 Corinne
31%
42 Caitlyn
28%
49 Ciara
28%
40 Celeste
27%
75 Chanel
27%
68 Colette
27%
74 Christian
25%
88 Corina
25%
65 Cathleen
24%
90 Carlie
23%
51 Cecelia
22%
35 Carole
21%
62 Catalina
21%
59 Camryn
20%
71 Cadence
18%
99 Cathryn
18%
93 Charmaine
18%
60 Carissa
17%
85 Chantel
16%
61 Cierra
16%
82 Casandra
15%
81 Cristal
15%
94 Claudette
14%
96 Carlee
13%
55 Chelsey
12%
63 Cherie
12%
34 Cheyenne
12%
100 Carey
10%
79 Carley
10%
76 Charlee
10%
87 Chrystal
10%
66 Chasity
9%
78 Chandra
8%
95 Corrine
8%
92 Chana
6%
91 Chelsie
6%
77 Cortney
5%
86 Chaya
4%
83 Cheyanne
2%
No matching quizzes found
Score Distribution
Percent of People with Each Score
Percentile by Number Answered
Your Score History
You have not taken this quiz